Music Quiz

Random Music or Song Quiz

Multiple US #1s (1980-1989) Quiz Stats

 Plays Quiz Updated Feb 28, 2019

Score 0/50 Timer 13:00
4 Plays Today
#1's Artist % Correct
9Michael Jackson
92%
2Janet Jackson
85.5%
7Madonna
77.3%
7Whitney Houston
72.8%
6George Michael
59.6%
4Prince
48.3%
2U2
45.3%
4Bon Jovi
43.7%
7Phil Collins
43%
3Paul McCartney
41.9%
3Wham!
41.3%
2Cyndi Lauper
41.2%
3Billy Joel
41%
2Duran Duran
40.8%
3Stevie Wonder
35.9%
5Lionel Richie
35.9%
2Queen
32.3%
5Hall & Oates
27.5%
3Paula Abdul
27.2%
2New Kids on the Block
26.4%
2Diana Ross
25.9%
3Blondie
25.6%
3Huey Lewis and the News
24.9%
2Tiffany
24%
2The Bangles
23.2%
#1's Artist % Correct
2Debbie Gibson
22%
2Kenny Rogers
21.7%
2Chicago
21.6%
2Dolly Parton
20.9%
2Heart
20.8%
2REO Speedwagon
17.1%
2Olivia Newton-John
16.8%
2Men at Work
16.5%
2Tears for Fears
16.4%
3Billy Ocean
13.8%
2Rick Astley
13.2%
3Milli Vanilli
13.1%
3Starship
12.7%
2Gloria Estefan
12.6%
3Richard Marx
10.8%
2The Human League
10.7%
2Christopher Cross
10%
2Steve Winwood
9.7%
2Peter Cetera
8.9%
2Roxette
8.5%
2Mr. Mister
7.9%
2Lisa Lisa and Cult Jam
6.3%
2Simply Red
6.2%
2Fine Young Cannibals
6.2%
2Jennifer Warnes
5.5%

You're not logged in!

Compare scores with friends on all Sporcle quizzes.
OR
Log In

Sporcle TV

Today on Sporcle TV


Watch our educational content, quiz creation guides, and fun videos on Sporcle TV.

Show Comments

Extras

Top Quizzes Today


Score Distribution

Your Account Isn't Verified!

In order to create a playlist on Sporcle, you need to verify the email address you used during registration. Go to your Sporcle Settings to finish the process.

Report this User

Report this user for behavior that violates our Community Guidelines.

Details: